Sports Quiz

Random Sports or Tennis Quiz

US Open Tennis Champs Quiz Stats

 Plays Quiz Updated Nov 1, 2018

Score 0/118 Timer 10:00
18 Plays Today
Year Player % Correct
Men's SinglesRoger Federer
97.1%
Men's SinglesRoger Federer
97.1%
Men's SinglesRoger Federer
97.1%
Men's SinglesRoger Federer
97.1%
Men's SinglesRoger Federer
94.5%
Men's SinglesRafael Nadal
94.2%
Women's SinglesSerena Williams
94.1%
Women's SinglesSerena Williams
94.1%
Women's SinglesSerena Williams
94%
Women's SinglesSerena Williams
93.7%
Women's SinglesSerena Williams
93.7%
Women's SinglesVenus Williams
93.6%
Women's SinglesVenus Williams
93.6%
Men's SinglesRafael Nadal
93.4%
Men's SinglesPete Sampras
92.9%
Men's SinglesPete Sampras
92.9%
Men's SinglesPete Sampras
92.9%
Men's SinglesPete Sampras
92.9%
Men's SinglesPete Sampras
92.9%
Women's SinglesSerena Williams
91.2%
Men's SinglesAndre Agassi
90.7%
Men's SinglesAndre Agassi
90.7%
Men's SinglesNovak Đoković
88.5%
Men's SinglesNovak Đoković
87.9%
Men's SinglesJohn McEnroe
87.9%
Men's SinglesJohn McEnroe
87.9%
Men's SinglesJohn McEnroe
87.9%
Men's SinglesJohn McEnroe
87.9%
Men's SinglesAndy Murray
85%
Women's SinglesSteffi Graf
82.2%
Women's SinglesSteffi Graf
82.2%
Women's SinglesSteffi Graf
82.2%
Women's SinglesSteffi Graf
82.2%
Women's SinglesSteffi Graf
82.2%
Men's SinglesJimmy Connors
80.3%
Men's SinglesJimmy Connors
80.3%
Men's SinglesJimmy Connors
80.3%
Men's SinglesJimmy Connors
80.3%
Men's SinglesJimmy Connors
80.3%
Women's SinglesMartina Navrátilová
78.8%
Year Player % Correct
Women's SinglesMartina Navrátilová
78.8%
Women's SinglesMartina Navrátilová
78.8%
Women's SinglesMartina Navrátilová
78.8%
Women's SinglesMaria Sharapova
75.8%
Men's SinglesAndy Roddick
74.6%
Men's SinglesIvan Lendl
72.4%
Men's SinglesIvan Lendl
72.4%
Men's SinglesIvan Lendl
72.4%
Women's SinglesChris Evert
71.7%
Women's SinglesChris Evert
71.7%
Women's SinglesChris Evert
71.7%
Women's SinglesChris Evert
71.7%
Women's SinglesChris Evert
71.7%
Women's SinglesChris Evert
71.7%
Men's SinglesBoris Becker
71.2%
Women's SinglesBillie Jean King
69.8%
Women's SinglesBillie Jean King
69.8%
Women's SinglesBillie Jean King
69.8%
Women's SinglesBillie Jean King
69.8%
Women's SinglesMonica Seles
69.6%
Women's SinglesMonica Seles
69.6%
Men's SinglesRod Laver
69.3%
Men's SinglesRod Laver
69.3%
Women's SinglesMartina Hingis
68.4%
Women's SinglesJustine Henin
67.8%
Women's SinglesJustine Henin
67.8%
Men's SinglesArthur Ashe
67.5%
Men's SinglesLleyton Hewitt
64.6%
Men's SinglesRafael Nadal
64.1%
Men's SinglesStan Wawrinka
63.7%
Women's SinglesLindsay Davenport
61.1%
Men's SinglesStefan Edberg
60.8%
Men's SinglesStefan Edberg
60.8%
Women's SinglesKim Clijsters
59.7%
Women's SinglesMargaret Smith Court
58%
Women's SinglesMargaret Smith Court
58%
Women's SinglesMargaret Smith Court
58%
Women's SinglesMargaret Smith Court
58%
Women's SinglesMargaret Smith Court
58%
Men's SinglesMarin Čilić
56.4%
Year Player % Correct
Men's SinglesMarat Safin
54.2%
Women's SinglesKim Clijsters
51.1%
Men's SinglesNovak Đoković
51.1%
Men's SinglesPatrick Rafter
51%
Men's SinglesPatrick Rafter
51%
Men's SinglesMats Wilander
50.6%
Women's SinglesNaomi Osaka
49%
Men's SinglesJuan Martín del Potro
48.9%
Women's SinglesAngelique Kerber
47.6%
Men's SinglesJohn Newcombe
45%
Men's SinglesJohn Newcombe
45%
Women's SinglesKim Clijsters
42%
Women's SinglesSloane Stephens
41.6%
Men's SinglesStan Smith
41.6%
Women's SinglesArantxa Sanchez Vicario
38.2%
Men's SinglesIlie Năstase
37.6%
Women's SinglesTracy Austin
36.7%
Women's SinglesTracy Austin
36.7%
Women's SinglesSvetlana Kuznetsova
34.6%
Women's SinglesFlavia Pennetta
32%
Women's SinglesGabriela Sabatini
31.7%
Men's SinglesGuillermo Vilas
31.3%
Women's SinglesVirginia Wade
31%
Men's SinglesRoy Emerson
30.1%
Men's SinglesRoy Emerson
30.1%
Men's SinglesKen Rosewall
29.6%
Women's SinglesHana Mandlíková
25.7%
Women's SinglesMaria Bueno
21.9%
Women's SinglesMaria Bueno
21.9%
Women's SinglesMaria Bueno
21.9%
Women's SinglesSamantha Stosur
20.8%
Men's SinglesManuel Orantes
16.5%
Men's SinglesManuel Santana
15.4%
Men's SinglesNeale Fraser
14%
Women's SinglesDarlene Hard
13.9%
Women's SinglesDarlene Hard
13.9%
Men's SinglesFred Stolle
12.2%
Men's SinglesRafael Osuna
9.5%

You're not logged in!

Compare scores with friends on all Sporcle quizzes.
OR
Log In

Show Comments

Extras

Top Quizzes Today


Score Distribution

Your Account Isn't Verified!

In order to create a playlist on Sporcle, you need to verify the email address you used during registration. Go to your Sporcle Settings to finish the process.

Report this User

Report this user for behavior that violates our Community Guidelines.

Details: